000 00651nam a2200241Ia 4500
003 OSt
005 20220918221901.0
006 a|||||r|||| 00| 0
007 ta
008 220917b |||||||| |||| 00| 0 eng d
024 _a210,504
037 _cTextual
040 _aARTS
_cARTS
_beng
041 _2eng
_aeng
082 _az243y7, N2
100 _aManjit Singh
_9141653
245 0 _aWhither land reforms?
_b A case study of Haryana
260 _aNew Delhi
_bManohar Publications India
_c1992
300 _axi,519 p
_ccm.
650 _aGENERALIA
942 _hz243y7, N2
_cTEXL
_2CC
999 _c273919
_d273919